Die 21 größten Fußballstadien von Rheinland-Pfalz - Statistiken

Allgemein
  • Dieses Quiz wurde 21 mal gespielt
  • Das Durchschnittsergebnis liegt bei 4 aus 21
Antwortstatistiken
Kapazität Stadion % Korrekt
49.327 Fritz-Walter-Stadion (Kaiserslautern-Betzenberg)
95%
33.305 MEWA ARENA (Mainz-Bretzenheim)
75%
7.134 Bruchwegstadion auf dem WOLFGANG FRANK CAMPUS (Mainz)
60%
10.494 Moselstadion (Trier)
50%
9.500 Stadion Oberwerth (Koblenz-Oberwerth)
45%
41.383 Südweststadion (Ludwigshafen/Rhein)
40%
9.999 framas Stadion im Sportpark Husterhöhe (Pirmasens)
20%
10.000 Stadion Mundenheimer Straße (Ludwigshafen/Rhein)
20%
10.000 Nahe-Stadion (Bad Kreuznach)
5%
10.000 Sportzentrum Loh (Kirn)
5%
8.333 Bienwaldstadion (Kandel)
0%
8.350 Ostparkstadion (Frankenthal/Pfalz)
0%
10.000 Raiffeisenstadion (Neuwied)
0%
7.500 Salmtal-Stadion (Salmtal-Salmrohr)
0%
7.500 Sportplatz im Waldstadion (Herxheim bei Landau)
0%
10.000 Stadion Andernach (Andernach)
0%
8.000 Stadion der Sportschule Bitburg (Bitburg)
0%
8.000 Stadion Humboldtstraße (Wörrstadt)
0%
8.000 Stadion in der Lindersbach (Rodalben)
0%
7.500 Stadion Silberau (Bad Ems)
0%
12.000 Südpfalzstadion (Landau/Pfalz)
0%
Keine übereinstimmenden Quizze gefunden
Verteilung der Resultate
Anzahl Personen mit jedem Resultat
Perzentil nach korrekt beantworteten Fragen
Ihre Resultats-Entwicklung
Sie haben dieses Quiz noch nicht gespielt